000 00802nam a22002175i 4500
001 158045
003 ES-MaACL
005 20251005063124.0
008 040902s1890 sp |||| | spa d
040 _aCAM
_bspa
_cCAM
100 1 _aLapuya, Isidoro L.,
_d1865-1932
_970190
245 1 0 _aDeberes y derechos del pueblo español
_b: enseñanzas populares /
_cpor I. Lopez Lapuya.
250 _aEdición popular.
260 _aMadrid :
_b[s.n.],
_c1890 (
_fImprenta de Ubaldo Montegrifo)
300 _a31 p. ;
_c18 cm.
490 1 _aBiblioteca Radical
650 4 _aDerechos políticos y civiles-
_zEspaña.
_911781
830 0 _aBiblioteca Radical
_9188143
852 _aES-MaACL
_jT-588-F-5
_z-- Enc. hol. conservando cub. original
_z-- Enc. en un vol. facticio
999 _c158045
_d158045